|
|
|
|
| LEADER |
00000nam0a2200000 4500 |
| 001 |
281343 |
| 005 |
20231101235407.0 |
| 020 |
|
|
|a RU
|b 86-70184
|
| 035 |
|
|
|a (RuTPU)RU\TPU\book\305054
|
| 090 |
|
|
|a 281343
|
| 100 |
|
|
|a 20150121d1986 k y0rusy5003 ca
|
| 101 |
0 |
|
|a rus
|
| 102 |
|
|
|a UA
|
| 105 |
|
|
|a a z 001zy
|
| 200 |
1 |
|
|a Очистка промышленных сточных вод
|f В. Е. Терновцев, В. М. Пухачев
|
| 210 |
|
|
|a Киев
|c Будiвельник
|d 1986
|
| 215 |
|
|
|a 120 с.
|c ил.
|
| 327 |
1 |
|
|a Библиогр.: с. 117-118
|
| 606 |
1 |
|
|a Сточные воды промышленные
|x Очистка
|x Физико-химические основы
|x Химический способ
|2 stltpush
|3 (RuTPU)RU\TPU\subj\57177
|9 75041
|
| 610 |
0 |
|
|a методы
|
| 610 |
0 |
|
|a классификация
|
| 610 |
0 |
|
|a грубодисперсные примеси
|
| 610 |
0 |
|
|a отстаивание
|
| 610 |
0 |
|
|a фильтрование
|
| 610 |
0 |
|
|a осадки
|
| 610 |
0 |
|
|a обработка
|
| 675 |
|
|
|a 628.34
|v 3
|
| 700 |
|
1 |
|a Терновцев
|b В. Е.
|g Виталий Емельянович
|
| 701 |
|
1 |
|a Пухачев
|b В. М.
|g Владимир Михайлович
|
| 801 |
|
0 |
|a RU
|b RuMRKP
|c 19950704
|g psbo
|
| 801 |
|
1 |
|a RU
|b 63413507
|c 20150121
|
| 801 |
|
2 |
|a RU
|b 63413507
|c 20170119
|g RCR
|
| 942 |
|
|
|c BK
|